000 00896nam a2200241 a 4500
001 36762
003 BD-RjUL
005 20211209052533.0
008 160322s1967 ii ||||e b||| 000 0 ben d
020 _cTK.6.00
035 _a(BD-RjUL)36864
040 _aBD-RjUL
_bben
_cBD-RjUL
041 _aben
082 _223
_a792.0954
_bMIK 1967
100 _aমিত্র, অমল
_9112145
245 1 0 _aকলকাতায় বিদেশী রঙ্গালয় /
_cঅমল মিত্র
260 _aকলিকাতা :
_bপ্রকাশ ভবন,
_c১৯৬৭ [১৩৭৪].
300 _a[৬], ২২৪ পৃ. ;
_c২১ সেমি.
504 _a বিবলিওগ্রাফী সংযুক্ত
650 _aথিয়েটার
_vইতিহাস
_9112146
_zভারত
650 _aTheatre
_vHistory
_9112147
_zIndia
942 _2ddc
_cBK
999 _c36762
_d36762